Catecismo patriótico español / (Record no. 67686)

MARC details
000 -LEADER
campo de control de longitud fija 00811nam a2200265 i 4500
001 - NÚMERO DE CONTROL
campo de control 67686
003 - IDENTIFICADOR DE NÚMERO DE CONTROL
campo de control ES-MaACL
005 - FECHA Y HORA DE LA ÚLTIMA TRANSACCIÓN
campo de control 20250911063538.0
007 - CAMPO FIJO DE DESCRIPCIÓN FÍSICA--INFORMACIÓN GENERAL
campo de control de longitud fija t|
008 - DATOS DE LONGITUD FIJA--INFORMACIÓN GENERAL
campo de control de longitud fija 040610s2003 sp ||||1| spa d
020 ## - NÚMERO INTERNACIONAL ESTÁNDAR DEL LIBRO
Número Internacional Estándar del Libro 84-8307-595-4
080 ## - NÚMERO DE LA CLASIFICACIÓN DECIMAL UNIVERSAL
Número de la Clasificación Decimal Universal 37.035.6(07)
100 1# - ENTRADA PRINCIPAL--NOMBRE DE PERSONA
Nombre de persona Menéndez-Reigada, Albino G.,
Fechas asociadas al nombre 1881-1958
9 (RLIN) 80321
245 10 - MENCIÓN DEL TÍTULO
Título Catecismo patriótico español /
Mención de responsabilidad, etc. Menéndez-Reigada ; prólogo de Hilari Raguer.
250 ## - MENCION DE EDICION
Mención de edición 1ª ed.
260 ## - PUBLICACIÓN, DISTRIBUCIÓN, ETC.
Lugar de publicación, distribución, etc. Barcelona :
Nombre del editor, distribuidor, etc. Península,
Fecha de publicación, distribución, etc. 2003.
300 ## - DESCRIPCIÓN FÍSICA
Extensión 92 p. ;
Dimensiones 21 cm.
490 1# - MENCIÓN DE SERIE
Mención de serie Atalaya ;
Designación de volumen o secuencia 138
650 #7 - PUNTO DE ACCESO ADICIONAL DE MATERIA--TÉRMINO DE MATERIA
Término de materia o nombre geográfico como elemento de entrada Educación cívica-
Subdivisión geográfica España
Fuente del encabezamiento o término
9 (RLIN) 152945
650 #7 - PUNTO DE ACCESO ADICIONAL DE MATERIA--TÉRMINO DE MATERIA
Término de materia o nombre geográfico como elemento de entrada Nacionalsindicalismo
Fuente del encabezamiento o término embne
9 (RLIN) 158045
700 1# - ENTRADA AGREGADA--NOMBRE PERSONAL
Nombre de persona Raguer, Hilari.
9 (RLIN) 95001
830 1# - PUNTO DE ACCESO ADICIONAL DE SERIE-TÍTULO UNIFORME
Título uniforme Atalaya ;
Designación de volumen o secuencia 138
9 (RLIN) 180261
852 ## - LOCALIZACIÓN
Ubicación ES-MaACL
Número de control de estantería L-27869
Holdings
Estatus retirado Estado de pérdida Estado de daño No para préstamo Biblioteca de origen Biblioteca actual Ubicación en estantería Fecha de adquisición Fuente de adquisición Total de préstamos Signatura topográfica completa Código de barras Visto por última vez Precio de reemplazo Tipo de ítem Koha
        Biblioteca del Ateneo de Madrid Biblioteca del Ateneo de Madrid Depósito 2 17/01/2008     L-27869 1070867 23/02/2023 23/02/2023 Libro impreso